000 00791nam a2200181Ia 4500
008 090124s9999 xx 000 0 und d
082 _b30017
_a4056
100 _aदेशपांडे दि. य.
245 _a अर्वाचिन पाश्र्चात्य तत्वज्ञान (प्रज्ञावाद)
250 _a1
260 _c1999
300 _a181
600 _aदेशपांडे दि. य.
630 _a अर्वाचिन पाश्र्चात्य तत्वज्ञान (प्रज्ञावाद)
700 _aदेशपांडे दि. य.
730 _a अर्वाचिन पाश्र्चात्य तत्वज्ञान (प्रज्ञावाद)
942 _cBOOK
999 _c143500
_d143500